The Associate (Record no. 27005)

MARC details
000 -LEADER
fixed length control field 00771nam a22002177a 4500
008 - FIXED-LENGTH DATA ELEMENTS--GENERAL INFORMATION
fixed length control field 090530t xxu||||| |||| 00| 0 eng d
010 ## - LCCN (DPL NO)
LC control number B-328867
020 ## - INTERNATIONAL STANDARD BOOK NUMBER
International Standard Book Number 9780099536994
Terms of availability 240-00
035 ## - SYSTEM CONTROL NUMBER
System control number B-328867
037 ## - SOURCE OF ACQUISITION
Stock number UBH
Source of stock number/acquisition RP/CL/E;15/20.05.09/25.05.09/28.05.09/29.05.09
040 ## - CATALOGING SOURCE
Original cataloging agency dpl
Language of cataloging Eng
082 ## - DEWEY DECIMAL CLASSIFICATION NUMBER
Classification number N
100 ## - MAIN ENTRY--PERSONAL NAME
Personal name Grisham,John
245 ## - TITLE STATEMENT
Title The Associate
Statement of responsibility, etc by/John Grisham
260 ## - PUBLICATION, DISTRIBUTION, ETC. (IMPRINT)
Place of publication, distribution, etc London
Name of publisher, distributor, etc Arrow Books
Date of publication, distribution, etc 2009
270 ## - ADDRESS
Address Random House 20 Vaushall Bridge Road
City London
300 ## - PHYSICAL DESCRIPTION
Extent 485pg
Dimensions 17cm
942 ## - ADDED ENTRY ELEMENTS (KOHA)
Source of classification or shelving scheme Dewey Decimal Classification
Item type English Books
Classification part N
Call number suffix GRI
Holdings
Withdrawn status Lost status Source of classification or shelving scheme Damaged status Not for loan Home library Current library Date acquired Source of acquisition Cost, normal purchase price Total Checkouts Full call number Barcode Date last seen Copy number Cost, replacement price Koha item type Public note
    Dewey Decimal Classification     Central Library Central Library 28/05/2009 RP/CL 240.00   N-GRI B-328867 30/05/2009 1 240.00 English Books Legal Case Register No. 28

© Delhi Public Library
Hit Counter
free hit counter